01022nam a2200253 a 4500001001000000003000500010005001700015008004100032010001100073011001100084040000900095100003700104245023400141260004100375500006000416502007700476650002400553650002700577650002600604650002500630700002700655856001600682856007000698000112251CHAP20220329144252.0160119s2015 mx a fsm |||||||spa d a108712 a109684 cCHAP1 aCalzada Martínez, Luis Enrique10aRendimiento de 4 híbridos de maíz (Zea mays L.) con 2 fórmulas de fertilización suplementadas con productos biologicos, en condiciones de temporal/h[En línea]cpor Luis Enrique Calzada Martinez y David Virgen Verduzco. aChapingo, Méx. :bEl autor,c2015. aPara ver el contenido del material haga clic en la liga aTesis (Ing. Agr. Esp. en Fitotecnia) -- UACH. Departamento de Fitotecnia14aMaízxHíbridos.14aMaízxInoculación.14aMaízxMejoramiento.14aMaízxRendimiento.1 aVirgen Verduzco, David a1 n0001155 aFinding aiduhttp://10.13.5.2/tesis/sist112251.pdfzTeclea aquí